[Event "V Festival Costa Viola A"]
[Site "Palmi ITA"]
[Date "2012.01.05"]
[Round "8"]
[White "Stella, Andrea"]
[Black "Caprio, Guido"]
[Result "1/2-1/2"]
[WhiteElo "2442"]
[BlackElo "2353"]
[PlyCount "36"]
[EventDate "2012.01.02"]

1. e4 e5 2. Bc4 Nf6 3. d3 Bc5 4. Nc3 d6 5. f4 Ng4 6. f5 h5 7. Nh3 c6 8. Ng5 d5
9. exd5 Bf2+ 10. Ke2 O-O 11. h3 Ne3 12. Bxe3 Bxe3 13. Ne6 fxe6 14. dxe6 Kh8 15.
Kxe3 Qg5+ 16. Ke2 Qxg2+ 17. Ke3 Qg5+ 18. Ke2 Qg2+ 1/2-1/2

[Event "V Festival Costa Viola A"]
[Site "Palmi ITA"]
[Date "2012.01.05"]
[Round "8"]
[White "Stromboli, Ettore"]
[Black "Rotunno, Giuseppe"]
[Result "1-0"]
[WhiteElo "2302"]
[BlackElo "2026"]
[PlyCount "39"]
[EventDate "2012.01.02"]

1. e4 d6 2. d4 e5 3. Nf3 Nc6 4. c3 Bg4 5. Be2 g6 6. Qb3 Qd7 7. dxe5 Bxf3 8.
Bxf3 O-O-O 9. exd6 Bxd6 10. Be3 f5 11. Nd2 f4 12. Bd4 Be5 13. Bxe5 Nxe5 14.
O-O-O Nd3+ 15. Kc2 Nxf2 16. Nc4 Nxd1 17. Rxd1 Qe7 18. Na5 Rd6 19. Bg4+ Kd8 20.
Nc6+ 1-0

[Event "V Festival Costa Viola A"]
[Site "Palmi ITA"]
[Date "2012.01.05"]
[Round "8"]
[White "Valguarnera, Girolamo"]
[Black "Kukov, Velislav"]
[Result "0-1"]
[WhiteElo "2139"]
[BlackElo "2414"]
[PlyCount "164"]
[EventDate "2012.01.02"]

1. e4 c6 2. Nc3 d5 3. Nf3 Bg4 4. h3 Bxf3 5. Qxf3 e6 6. d3 Bb4 7. Bd2 d4 8. Nb1
Qb6 9. Qg3 Bf8 10. Bc1 Nd7 11. Be2 Ngf6 12. O-O e5 13. Nd2 Qc7 14. c3 c5 15.
cxd4 cxd4 16. a4 h6 17. f4 exf4 18. Qxf4 Qxf4 19. Rxf4 Bd6 20. Nc4 Bxf4 21.
Bxf4 O-O 22. a5 Nc5 23. b4 Ne6 24. Bd6 Rfd8 25. Bf3 Ng5 26. Be2 b5 27. axb6
axb6 28. Rxa8 Rxa8 29. Nxb6 Ra2 30. Bf1 Ra1 31. Nc4 Rb1 32. Bc5 Ne6 33. Nd2 Rb2
34. Nf3 Nxc5 35. bxc5 Rb4 36. c6 Ne8 37. Be2 Nc7 38. Ne5 Rb5 39. Nd7 Rb1+ 40.
Kf2 Rc1 41. Nb8 Kf8 42. Bf3 f6 43. e5 f5 44. g4 f4 45. Be4 Ke7 46. h4 g5 47. h5
Ke6 48. Nd7 Nd5 49. Bf5+ Ke7 50. Be4 Rxc6 51. Bf5 Ne3 52. e6 Rc2+ 53. Kf3 Nd1
54. Ne5 Rf2+ 55. Ke4 Nc3+ 56. Kxd4 Nb5+ 57. Kc5 Nc7 58. Nc6+ Kf6 59. Kd6 Ne8+
60. Kd7 Ng7 61. Nd4 Nxe6 62. Nxe6 f3 63. Nc5 Ke5 64. Be4 Rf1 65. Nb3 f2 66. d4+
Kf4 67. Bd3 Rd1 68. Bc4 Kxg4 69. Ke6 f1=Q 70. Bxf1 Rxf1 71. d5 Re1+ 72. Kf7
Kxh5 73. d6 Rd1 74. Ke6 g4 75. Ke5 Rxd6 76. Kxd6 g3 77. Nd2 g2 78. Nf3 Kg4 79.
Ng1 h5 80. Ke5 h4 81. Ke4 h3 82. Nf3 Kg3 0-1

[Event "V Festival Costa Viola A"]
[Site "Palmi ITA"]
[Date "2012.01.06"]
[Round "9"]
[White "Blasco, Domenico"]
[Black "Cangiano, Federico"]
[Result "0-1"]
[WhiteElo "1938"]
[BlackElo "1963"]
[PlyCount "84"]
[EventDate "2012.01.02"]

1. d4 e6 2. Nf3 d5 3. e3 c6 4. Bd3 f5 5. O-O Nf6 6. c4 Be7 7. Nc3 O-O 8. Qc2
Ne4 9. b3 Rf6 10. Bb2 Rh6 11. Rac1 Bd6 12. g3 Qe8 13. cxd5 Qh5 14. Bxe4 fxe4
15. Qxe4 exd5 16. Nxd5 Bg4 17. Nf4 Bxf4 18. Rc5 Bxf3 19. Rxh5 Bxe4 20. Rc5 Bd6
21. Rcc1 Bf3 22. Rfe1 Re6 23. a3 Nd7 24. a4 Nf6 25. a5 Bd5 26. Rb1 Bb4 27. Rec1
Bxa5 28. Ba3 Bc7 29. b4 a6 30. Kf1 Bf3 31. Rc5 Nd5 32. Ke1 Rf8 33. Rcc1 Nxe3
34. fxe3 Rxe3+ 35. Kd2 Rxa3 36. Re1 Kf7 37. Rf1 Kg6 38. Rbe1 Rd8 39. Kc2 Rxd4
40. Re7 Bd6 41. Rxb7 Bxb4 42. Rc7 Rd2+ 0-1

[Event "V Festival Costa Viola A"]
[Site "Palmi ITA"]
[Date "2012.01.06"]
[Round "9"]
[White "Buda, Elvin"]
[Black "Pierandrei, Cristiano"]
[Result "0-1"]
[WhiteElo "1917"]
[BlackElo "1960"]
[PlyCount "58"]
[EventDate "2012.01.02"]

1. d4 Nf6 2. Nf3 e6 3. e3 b6 4. Bd3 Bb7 5. Nbd2 d5 6. Ne5 Be7 7. f4 O-O 8. O-O
c5 9. c3 Ba6 10. Qe2 Bxd3 11. Qxd3 Qc7 12. e4 cxd4 13. cxd4 dxe4 14. Nxe4 Nbd7
15. Bd2 Nxe4 16. Qxe4 Nf6 17. Qf3 Qd6 18. Nc6 Nd5 19. Nxe7+ Nxe7 20. Qd3 Rfd8
21. Bc3 Rac8 22. Rf3 Nf5 23. Rh3 g6 24. g4 Ne7 25. f5 exf5 26. g5 Nd5 27. Be1
Nf4 28. Qf3 Nxh3+ 29. Qxh3 Qxd4+ 0-1

[Event "V Festival Costa Viola A"]
[Site "Palmi ITA"]
[Date "2012.01.06"]
[Round "9"]
[White "Cafaro, Luca"]
[Black "Marzaduri, Riccardo"]
[Result "1/2-1/2"]
[WhiteElo "1890"]
[BlackElo "1830"]
[PlyCount "43"]
[EventDate "2012.01.02"]

1. e4 Nc6 2. Nf3 e6 3. d4 d5 4. exd5 exd5 5. Bb5 Nf6 6. O-O Bg4 7. Re1+ Be7 8.
Qe2 h6 9. Bf4 Bxf3 10. Qxf3 O-O 11. Bxc6 bxc6 12. Nd2 Qd7 13. Re2 Rfe8 14. Rae1
Rab8 15. Nb3 Ne4 16. Qd3 c5 17. dxc5 Nxc5 18. Nxc5 Bxc5 19. Rxe8+ Rxe8 20.
Rxe8+ Qxe8 21. Kf1 c6 22. Qe2 1/2-1/2

[Event "V Festival Costa Viola A"]
[Site "Palmi ITA"]
[Date "2012.01.06"]
[Round "9"]
[White "Caprio, Guido"]
[Black "Epishin, Vladimir V."]
[Result "1/2-1/2"]
[WhiteElo "2353"]
[BlackElo "2561"]
[PlyCount "50"]
[EventDate "2012.01.02"]

1. d4 Nf6 2. c4 e6 3. Nf3 b6 4. a3 d5 5. Nc3 Be7 6. cxd5 exd5 7. g3 O-O 8. Bg2
Bb7 9. O-O c5 10. Bf4 Na6 11. Re1 h6 12. Ne5 Re8 13. dxc5 Nxc5 14. Nb5 Bf8 15.
Nf3 Ne6 16. Nfd4 Nxf4 17. gxf4 Re7 18. e3 a6 19. Nc3 b5 20. Qb3 Rc7 21. Red1
Rac8 22. Nde2 Rc4 23. Rd3 b4 24. axb4 Rxb4 25. Qa2 25... Qb6 {...} 1/2-1/2

[Event "V Festival Costa Viola A"]
[Site "Palmi ITA"]
[Date "2012.01.06"]
[Round "9"]
[White "Collutiis, Duilio"]
[Black "Stromboli, Ettore"]
[Result "1-0"]
[WhiteElo "2477"]
[BlackElo "2302"]
[PlyCount "117"]
[EventDate "2012.01.02"]

1. g3 Nf6 2. Bg2 d5 3. Nf3 c6 4. c4 Bg4 5. Ne5 Be6 6. cxd5 Bxd5 7. Nf3 e5 8.
Nc3 e4 9. Nh4 Qd7 10. d3 exd3 11. Nxd5 Nxd5 12. Qxd3 Be7 13. Nf3 O-O 14. O-O
Na6 15. a3 Bf6 16. Qc2 Rfe8 17. e4 Nb6 18. Bf4 Rad8 19. e5 Be7 20. Rad1 Qc8 21.
Ng5 Bxg5 22. Bxg5 Rxd1 23. Rxd1 h6 24. Bf4 Nc7 25. Re1 Nbd5 26. Bd2 Ne6 27. f4
Qd7 28. Bc1 Ne7 29. Be3 Nd4 30. Qe4 Rd8 31. g4 Ne6 32. h4 Qd3 33. f5 Qxe4 34.
Bxe4 Nd4 35. Kf2 b6 36. f6 Nc8 37. Bxd4 Rxd4 38. Bxc6 gxf6 39. exf6 Nd6 40. Bf3
Rf4 41. g5 hxg5 42. hxg5 Rf5 43. Re7 Rxg5 44. Rd7 Ne8 45. Rd8 Kf8 46. Bc6 Re5
47. Kf3 Re6 48. Bd7 Re1 49. b4 Re5 50. b5 Re1 51. a4 Re5 52. Kf4 Re1 53. Bc6
Re6 54. Kg5 Re3 55. Rxe8+ Rxe8 56. Bxe8 Kxe8 57. Kh6 Kd7 58. Kh7 Kd6 59. Kg8
1-0

[Event "V Festival Costa Viola A"]
[Site "Palmi ITA"]
[Date "2012.01.06"]
[Round "9"]
[White "Cordi', Domenico"]
[Black "Petkov, Vladimir"]
[Result "0-1"]
[WhiteElo "2059"]
[BlackElo "2519"]
[PlyCount "56"]
[EventDate "2012.01.02"]

1. d4 Nf6 2. c4 e6 3. Nf3 c5 4. e3 d5 5. cxd5 exd5 6. dxc5 Bxc5 7. Be2 O-O 8.
O-O Nc6 9. Nbd2 Re8 10. Nb3 Bb6 11. Nbd4 Ne4 12. h3 Qf6 13. a3 Bd7 14. Qd3 Rad8
15. Rd1 Qg6 16. Kf1 Qh6 17. Ke1 Bc8 18. b4 Nxd4 19. exd4 Qd6 20. Kf1 Bf5 21.
Qb3 Rc8 22. Bb2 Rc2 23. Re1 h6 24. Rac1 Nd2+ 25. Nxd2 Rxd2 26. Bb5 Rxe1+ 27.
Kxe1 Qf4 28. Be2 Rxb2 0-1

[Event "V Festival Costa Viola A"]
[Site "Palmi ITA"]
[Date "2012.01.06"]
[Round "9"]
[White "Damia, Angelo"]
[Black "Pinton, Maurizio"]
[Result "1/2-1/2"]
[WhiteElo "2303"]
[BlackElo "2008"]
[PlyCount "127"]
[EventDate "2012.01.02"]

1. e4 c5 2. a3 e6 3. b4 d5 4. exd5 exd5 5. bxc5 Bxc5 6. d4 Be7 7. Bd3 Nc6 8.
Nf3 Nf6 9. h3 O-O 10. O-O Ne4 11. c4 Bf5 12. Be3 Bf6 13. Qc2 Bg6 14. cxd5 Qxd5
15. Bxe4 Qxe4 16. Qxe4 Bxe4 17. Nbd2 Bd3 18. Rfc1 Rfd8 19. Rc3 Nxd4 20. Nxd4
Bxd4 21. Bxd4 Rxd4 22. Nb3 Rd5 23. Nc5 Rc8 24. Rac1 Bf5 25. Nxb7 Rxc3 26. Rxc3
Kf8 27. g4 Be4 28. Rc8+ Ke7 29. Rc7+ Ke6 30. f4 Rd1+ 31. Kf2 Bxb7 32. Rxb7 Rd7
33. f5+ Kd6 34. Rb8 f6 35. Rh8 h6 36. Kg3 Ke7 37. Rb8 Rd3+ 38. Kh4 Rxa3 39.
Rb7+ Kf8 40. Kh5 Rxh3+ 41. Kg6 Rg3 42. Rf7+ Ke8 43. Rxg7 Rxg4+ 44. Kxf6 Ra4 45.
Rg8+ Kd7 46. Rh8 Ra1 47. Rh7+ Ke8 48. Rh8+ Kd7 49. Rxh6 a5 50. Rh7+ Ke8 51.
Rh8+ Kd7 52. Ra8 a4 53. Kg7 a3 54. f6 a2 55. Ra7+ Kd6 56. Kf7 Kd5 57. Ra8 Kd6
58. Rd8+ Kc5 59. Rd2 Kb4 60. Re2 Kb3 61. Ke7 Rf1 62. Rxa2 Kxa2 63. f7 Rxf7+ 64.
Kxf7 1/2-1/2

[Event "V Festival Costa Viola A"]
[Site "Palmi ITA"]
[Date "2012.01.06"]
[Round "9"]
[White "Gregori, Giacomo"]
[Black "Carbone, Stefano"]
[Result "1/2-1/2"]
[WhiteElo "2023"]
[BlackElo "1985"]
[PlyCount "29"]
[EventDate "2012.01.02"]

1. e4 c6 2. d3 d5 3. Nd2 g6 4. Ngf3 Bg7 5. g3 e5 6. Bg2 Ne7 7. O-O O-O 8. Re1
Qc7 9. c3 Nd7 10. Qc2 h6 11. b3 Re8 12. Bb2 b6 13. Rac1 Bb7 14. d4 dxe4 15.
Nxe5 1/2-1/2

[Event "V Festival Costa Viola A"]
[Site "Palmi ITA"]
[Date "2012.01.06"]
[Round "9"]
[White "Lazic, Miroljub"]
[Black "Santagati, Alessandro"]
[Result "1-0"]
[WhiteElo "2470"]
[BlackElo "2239"]
[PlyCount "61"]
[EventDate "2012.01.02"]

1. g3 h5 2. Nf3 b6 3. Bg2 Bb7 4. d3 e6 5. e4 Be7 6. h3 d6 7. Nc3 Nd7 8. Be3
Ngf6 9. Qd2 a6 10. Ng5 c5 11. f4 d5 12. Bf2 dxe4 13. dxe4 b5 14. O-O b4 15. Nd1
Ng8 16. b3 Qc7 17. Nb2 Bxg5 18. fxg5 Ne5 19. Na4 Nd7 20. Rad1 Bc6 21. Nxc5 Nxc5
22. Bxc5 Bb5 23. Bd6 Qa7+ 24. Rf2 a5 25. c4 bxc3 26. Qxc3 f6 27. e5 Rd8 28. a4
Bd7 29. exf6 gxf6 30. gxf6 Kf7 31. Qc2 1-0

[Event "V Festival Costa Viola A"]
[Site "Palmi ITA"]
[Date "2012.01.06"]
[Round "9"]
[White "Marzaduri, Marco R."]
[Black "Quattrone, Andrea"]
[Result "1-0"]
[WhiteElo "1848"]
[BlackElo "1790"]
[PlyCount "33"]
[EventDate "2012.01.02"]

1. e4 e5 2. d4 exd4 3. Nf3 Nc6 4. c3 dxc3 5. Nxc3 Bb4 6. Bc4 Qe7 7. O-O Nf6 8.
e5 Bxc3 9. exf6 Bxf6 10. Re1 Ne5 11. Nxe5 Bxe5 12. Qh5 d6 13. Bg5 Qd7 14. f4
O-O 15. fxe5 dxe5 16. Rad1 Qc6 17. Qxf7+ 1-0

[Event "V Festival Costa Viola A"]
[Site "Palmi ITA"]
[Date "2012.01.06"]
[Round "9"]
[White "Rotunno, Giuseppe"]
[Black "Giuliano, Vincenzo"]
[Result "1-0"]
[WhiteElo "2026"]
[BlackElo "1891"]
[PlyCount "55"]
[EventDate "2012.01.02"]

1. d4 Nf6 2. c4 g6 3. Nc3 Bg7 4. e4 d6 5. f3 O-O 6. Be3 e5 7. d5 Nbd7 8. Qd2
Ne8 9. h4 h5 10. g4 hxg4 11. h5 gxh5 12. fxg4 Ndf6 13. gxh5 Nxh5 14. Rxh5 Bg4
15. Rh1 f5 16. exf5 Rxf5 17. Bd3 Rh5 18. Rxh5 Bxh5 19. Qh2 Nf6 20. Bg5 Qe8 21.
Bxf6 Bxf6 22. Ne4 Bg7 23. Ne2 Qg6 24. O-O-O Rf8 25. Rg1 Qh6+ 26. Kb1 Qe3 27.
Nc1 Bf3 28. Ng5 1-0

[Event "V Festival Costa Viola A"]
[Site "Palmi ITA"]
[Date "2012.01.06"]
[Round "9"]
[White "Stromboli, Carlo"]
[Black "Valguarnera, Girolamo"]
[Result "1-0"]
[WhiteElo "2336"]
[BlackElo "2139"]
[PlyCount "71"]
[EventDate "2012.01.02"]

1. e4 c5 2. Nf3 Nc6 3. d4 cxd4 4. Nxd4 e5 5. Nb5 a6 6. Nd6+ Bxd6 7. Qxd6 Qf6 8.
Qxf6 Nxf6 9. Nc3 Nb4 10. Kd2 d5 11. a3 d4 12. axb4 dxc3+ 13. Ke3 O-O 14. Bd3
Be6 15. Ra5 b5 16. bxc3 Nd7 17. Bd2 Nb6 18. Ke2 Nc4 19. Raa1 Rfd8 20. Be3 Rdc8
21. f3 Rc6 22. h4 Rac8 23. g3 Nb2 24. Rhb1 Nc4 25. Kf2 Kf8 26. f4 f6 27. f5 Bf7
28. g4 h6 29. g5 hxg5 30. Bc5+ Ke8 31. hxg5 Ra8 32. Rh1 Rcc8 33. Bxc4 Bxc4 34.
Rad1 fxg5 35. Rh8+ Kf7 36. Rd7+ 1-0